India-Central Asia Relations The Road Ahead/ (Record no. 187122)

MARC details
000 -LEADER
fixed length control field 00553nam a22001697a 4500
005 - DATE AND TIME OF LATEST TRANSACTION
control field 20220401115826.0
010 ## - LCCN (DPL NO)
LC control number ENG-132198
020 ## - INTERNATIONAL STANDARD BOOK NUMBER
International Standard Book Number 9789383445493
Terms of availability 980.00
035 ## - SYSTEM CONTROL NUMBER
System control number EN-115730
037 ## - SOURCE OF ACQUISITION
Source of stock number/acquisition DBAD/PUB
082 ## - DEWEY DECIMAL CLASSIFICATION NUMBER
Classification number 337.54058
245 ## - TITLE STATEMENT
Title India-Central Asia Relations The Road Ahead/
Statement of responsibility, etc Edited by Athar Zafar
260 ## - PUBLICATION, DISTRIBUTION, ETC. (IMPRINT)
Place of publication, distribution, etc New Delhi
Name of publisher, distributor, etc KW Publishers Pvt. Ltd
Date of publication, distribution, etc 2021
270 ## - ADDRESS
Address 4676/21, First Floor, Ansari Road, Daryaganj
Postal code 110002
City New Delhi
300 ## - PHYSICAL DESCRIPTION
Extent xi, 184p.
Other physical details Index
Dimensions 23cm(hbk)
942 ## - ADDED ENTRY ELEMENTS (KOHA)
Source of classification or shelving scheme Dewey Decimal Classification
Item type English Books
Call number suffix IND
Classification part 337.54058
Holdings
Withdrawn status Lost status Not for loan Collection code Home library Current library Date acquired Source of acquisition Cost, normal purchase price Full call number Barcode Copy number Cost, replacement price Koha item type
      Non-fiction Central Library Central Library 01/04/2022 DBAD/PUB 980.00 337.54058 IND EN-115730 1 980.00 English Books

© Delhi Public Library
Hit Counter
free hit counter